| 000 | 00710nam a2200181Ia 4500 | ||
|---|---|---|---|
| 008 | 151202s9999||||xx |||||||||||||| ||und|| | ||
| 082 | _bPNVM-16726 | ||
| 100 | _aअग्निहोत्री वा.श्री. | ||
| 245 | _aश्रीमदभगवदगीती महात्म्य. | ||
| 260 | _bय.वा.मुळे. | ||
| 260 | _c1937 | ||
| 300 | _a140 | ||
| 600 | _aअग्निहोत्री वा.श्री. | ||
| 630 | _aश्रीमदभगवदगीती महात्म्य. | ||
| 700 | _aअग्निहोत्री वा.श्री. | ||
| 730 | _aश्रीमदभगवदगीती महात्म्य. | ||
| 942 | _cBOOK | ||
| 999 |
_c1282711 _d1282708 |
||